Maiores Estádios do Sul do Brasil - Statistics

Estatísticas Gerais
  • Esse quiz foi jogado 49 vezes
  • A pontuação média é 10 de 20
Estatísticas das Respostas
Estado Cidade Capacidade Estádio % Correto
2 RS Porto Alegre 50.942 Beira-Rio
100%
1 RS Porto Alegre 55.662 Arena do Grêmio
98%
4 PR Curitiba 40.502 Couto Pereira
93%
3 PR Curitiba 42.372 Arena da Baixada / Ligga Arena
90%
11 SC Chapecó 20.289 Arena Condá
83%
12 RS Caxias do Sul 19.924 Alfredo Jaconi
75%
15 SC Florianópolis 17.826 Ressacada
70%
6 PR Londrina 30.000 Estádio do Café
65%
14 SC Criciúma 19.225 Heriberto Hülse
63%
13 SC Florianópolis 19.584 Orlando Scarpelli
60%
9 RS Caxias do Sul 22.132 Centenário
50%
8 SC Joinville 22.400 Arena Joinville
43%
17 PR Curitiba 17.140 Vila Capanema
43%
5 PR Curitiba 35.000 Pinheirão
25%
10 RS Erechim 22.000 Colosso da Lagoa
23%
20 RS Pelotas 15.478 Boca do Lobo
20%
18 RS Cachoeirinha 16.500 Arena Cruzeiro
5%
7 PR Cascavel 25.000 Regional Jacy Miguel Scanagatta
5%
16 PR Paranavaí 17.147 Felipão
0%
19 RS São Borja 16.000 Vicente Goulart
0%
Nenhum quiz correspondente encontrado
Distribuição das Pontuações
Porcentagem de Pessoas com Cada Pontuação
Percentil de Números Respondidos
Sua Pontuação Histórica
Você não jogou esse quiz